¿ Una reforma para la enseñanza de las matemáticas ? : notas para un análisis (Record no. 150947)

MARC details
000 -CABECERA
campo de control de longitud fija 00619nab a2200205 a 4500
005 - FECHA Y HORA DE LA ÚLTIMA TRANSACCIÓN
campo de control 20210219161109.0
008 - ELEMENTOS DE LONGITUD FIJA--INFORMACIÓN GENERAL
campo de control de longitud fija 991125s1985 mx 000 0 spa u
035 ## - NÚMERO DE CONTROL DEL SISTEMA
Número de control de sistema UPN01000178844
100 1# - ASIENTO PRINCIPAL--NOMBRE PERSONAL
Nombre de persona Iturbe Meza, Leticia
222 ## - TÍTULO CLAVE
Título clave ENTRE MAESTROS :
222 ## - TÍTULO CLAVE
Información calificativa REVISTA PARA MAESTROS DE EDUCACION BASICA
245 ## - MENCIÓN DE TÍTULO
Título ¿ Una reforma para la enseñanza de las matemáticas ? : notas para un análisis
260 ## - PUBLICACIÓN, DISTRIBUCIÓN, ETC.
Lugar de publicación, distribución, etc. México
300 ## - DESCRIPCIÓN FÍSICA
Extensión 58-65
362 0# - FECHAS DE PUBLICACIÓN Y/O DESIGNACIÓN SECUENCIAL
Fecha de publicación y/o designación secuencial 2009 Vol. 9, nos. 29-30, jun.-dic.
653 0# - TERMINO DE INDIZACION - NO CONTROLADO
Término no controlado REFORMA EDUCATIVA
653 0# - TERMINO DE INDIZACION - NO CONTROLADO
Término no controlado MATEMATICA
653 0# - TERMINO DE INDIZACION - NO CONTROLADO
Término no controlado ACTUALIZACION ACADEMICA
905 ## - TIPO DE MATERIAL
Tipo de material Articulo

No items available.